[Event "Vienna Chess Open 2016 Group A"]
[Site "Grosser Festsaal im Wiener Rathaus, 1010 Wien"]
[Date "2016.08.18"]
[Round "3"]
[Board "27"]
[White "Kokol, Peter"]
[Black "Voloshin, Pavel"]
[Result "1-0"]
[WhiteElo "2360"]
[BlackElo "2120"]
[PlyCount "119"]
[EventDate "2016.08.16"]
[EventRounds "9"]
[EventCountry "AUT"]

1.Nf3 e6 2.d4 Nf6 3.g3 c5 4.Bg2 cxd4 5.Nxd4 a6 6.O-O Be7 7.c4 O-O 8.e4 d6 9.Be3 Qc7
10.Qe2 Nbd7 11.Nd2 Ne5 12.h3 Bd7 13.Rfc1 Rac8 14.b4 b6 15.a3 Qb8 16.Rab1 Nc6 17.N2b3
Nxd4 18.Nxd4 Rfe8 19.Kh2 Rc7 20.f4 Rec8 21.e5 Ne8 22.exd6 Nxd6 23.c5 Nb5 24.c6 Nxd4
25.Bxd4 Bxc6 26.Be5 Bxg2 27.Bxc7 Rxc7 28.Qxg2 h5 29.h4 Qc8 30.Qd2 b5 31.Rxc7 Qxc7
32.Rc1 Qb6 33.Qg2 Qe3 34.Rc8+ Kh7 35.Qc2+ f5 36.Rc3 Qe1 37.Rc6 Bf6 38.Rxa6 Bd4 39.Qg2
Be3 40.Kh3 Bf2 41.a4 Bxg3 42.axb5 Bf2 43.Ra3 Bxh4 44.b6 Qxb4 45.Qf3 Bd8 46.Rb3 Qd6
47.b7 Bc7 48.Qxh5+ Kg8 49.Qe8+ Kh7 50.b8=Q Bxb8 51.Qxb8 Qd1 52.Qb4 Qg4+ 53.Kh2 Qe2+
54.Kg1 Qd1+ 55.Kf2 Qc2+ 56.Ke3 Qc1+ 57.Qd2 Qg1+ 58.Kd3 Kg6 59.Qe2 Qg3+ 60.Qe3 1-0

[Event "Vienna Chess Open 2016 Group A"]
[Site "Grosser Festsaal im Wiener Rathaus, 1010 Wien"]
[Date "2016.08.18"]
[Round "3"]
[Board "28"]
[White "Suttner, Claus"]
[Black "Sagar, Shah"]
[Result "0-1"]
[WhiteElo "2102"]
[BlackElo "2424"]
[PlyCount "74"]
[EventDate "2016.08.16"]
[EventRounds "9"]
[EventCountry "AUT"]

1.d4 Nf6 2.c4 e6 3.Nc3 Bb4 4.Qc2 O-O 5.a3 Bxc3+ 6.Qxc3 b5 7.cxb5 c6 8.g3 cxb5 9.Bg2
Nc6 10.Bg5 Bb7 11.Bxc6 Bxc6 12.Nf3 Rc8 13.O-O Ne4 14.Bxd8 Nxc3 15.bxc3 Bxf3 16.Be7
Bxe2 17.Rfe1 Rfe8 18.Bc5 Bd3 19.Re3 Bc2 20.Bxa7 d6 21.d5 Ra8 22.Bb6 Ra6 23.Bd4 e5
24.f4 f6 25.fxe5 fxe5 26.c4 Rc8 27.Bb2 Rxc4 28.Rc1 Raa4 29.Rf1 Be4 30.Rf2 Rc5 31.Rd2
Kf7 32.Re1 Bxd5 33.Bc3 Rxc3 34.Rxd5 Ke6 35.Rxb5 Rcxa3 36.Rb7 Ra7 37.Rb6 R3a4 0-1

[Event "Vienna Chess Open 2016 Group A"]
[Site "Grosser Festsaal im Wiener Rathaus, 1010 Wien"]
[Date "2016.08.18"]
[Round "3"]
[Board "29"]
[White "Leenhouts, Koen"]
[Black "Haugli, Petter"]
[Result "1-0"]
[WhiteElo "2491"]
[BlackElo "2257"]
[PlyCount "53"]
[EventDate "2016.08.16"]
[EventRounds "9"]
[EventCountry "AUT"]

1.d4 Nf6 2.c4 g6 3.Nc3 Bg7 4.e4 d6 5.f3 O-O 6.Be3 Nc6 7.Nge2 a6 8.Qd2 Rb8 9.Rc1 Nd7
10.h4 h5 11.g3 e5 12.d5 Nd4 13.Nxd4 exd4 14.Bxd4 Ne5 15.Be2 Qf6 16.Kd1 Qe7 17.f4 Ng4
18.Bxg7 Kxg7 19.Qd4+ Kg8 20.Kc2 c5 21.dxc6 bxc6 22.Rhe1 Be6 23.b3 a5 24.Kb2 Rfd8 25.f5
Bc8 26.Bxg4 hxg4 27.Rcd1 1-0

[Event "Vienna Chess Open 2016 Group A"]
[Site "Grosser Festsaal im Wiener Rathaus, 1010 Wien"]
[Date "2016.08.18"]
[Round "3"]
[Board "30"]
[White "Stanec, Nikolaus"]
[Black "Higatsberger, Michael"]
[Result "1-0"]
[WhiteElo "2457"]
[BlackElo "2171"]
[PlyCount "101"]
[EventDate "2016.08.16"]
[EventRounds "9"]
[EventCountry "AUT"]

1.e4 c5 2.Nc3 a6 3.g3 b5 4.Bg2 Bb7 5.d3 e6 6.f4 d5 7.e5 Ne7 8.Nf3 Nf5 9.O-O Nc6 10.g4
Nfd4 11.Nxd4 cxd4 12.Ne2 h5 13.gxh5 Bc5 14.Ng3 Qh4 15.Bd2 O-O-O 16.Be1 Qe7 17.Qe2
f5 18.a3 Rh6 19.h3 Qf7 20.Kh2 Rdh8 21.Bf2 Be7 22.c3 Bh4 23.cxd4 Bxg3+ 24.Bxg3 Rxh5
25.Qe3 Kb8 26.Be1 Qe7 27.Bd2 Rg8 28.Qf2 Bc8 29.a4 Qh4 30.axb5 axb5 31.Be3 Qxf2 32.Rxf2
Bd7 33.Rc2 Kb7 34.Kg3 Rgh8 35.Bf1 R5h6 36.Bf2 Be8 37.Kf3 Bh5+ 38.Ke3 Rc8 39.Rc5 Kb6
40.Ra3 Rhh8 41.Be1 Bd1 42.Rc1 Bh5 43.Bd2 Rhg8 44.Rb3 Rh8 45.Rc5 Na7 46.Bb4 Bd1 47.Rxc8
Nxc8 48.Bc5+ Kc6 49.Ra3 Nb6 50.Ra7 Nd7 51.Ra6+ 1-0

[Event "Vienna Chess Open 2016 Group A"]
[Site "Grosser Festsaal im Wiener Rathaus, 1010 Wien"]
[Date "2016.08.18"]
[Round "3"]
[Board "31"]
[White "Newrkla, Katharina"]
[Black "Nitin, Senthilvel"]
[Result "0-1"]
[WhiteElo "2205"]
[BlackElo "2398"]
[PlyCount "80"]
[EventDate "2016.08.16"]
[EventRounds "9"]
[EventCountry "AUT"]

1.e4 c5 2.Nf3 d6 3.d4 cxd4 4.Nxd4 Nf6 5.Nc3 a6 6.Be3 e5 7.Nb3 Be7 8.h3 Be6 9.Qd2 O-O
10.O-O-O b5 11.f4 exf4 12.Bxf4 b4 13.Nd5 Nxe4 14.Nxe7+ Qxe7 15.Qxb4 Nf2 16.Bxd6 Qd8
17.Be2 Re8 18.Bf3 Nd7 19.Bxa8 Qxa8 20.Rhe1 Nxd1 21.Rxd1 Qxg2 22.h4 h5 23.Re1 Rc8 24.Qd2
Qg6 25.Nd4 Bxa2 26.Bb4 Bd5 27.Bc3 Nf6 28.Ne2 Bf3 29.Nf4 Qf5 30.Re5 Qg4 31.Qh2 Rd8
32.Nd3 Ne4 33.Ba5 Rc8 34.Re7 Nc5 35.Nxc5 Rxc5 36.Bc3 Qa4 37.Qb8+ Kh7 38.Re1 Qxh4 39.Qf8
Rxc3 40.Rg1 Rxc2+ 0-1

[Event "Vienna Chess Open 2016 Group A"]
[Site "Grosser Festsaal im Wiener Rathaus, 1010 Wien"]
[Date "2016.08.18"]
[Round "3"]
[Board "32"]
[White "Burrows, Martin"]
[Black "Guido, Flavio"]
[Result "0-1"]
[WhiteElo "2157"]
[BlackElo "2370"]
[PlyCount "104"]
[EventDate "2016.08.16"]
[EventRounds "9"]
[EventCountry "AUT"]

1.e4 c5 2.Nf3 e6 3.d4 cxd4 4.Nxd4 Nc6 5.Nb5 d6 6.c4 Nf6 7.N1c3 a6 8.Na3 b6 9.Be2 Bb7
10.Be3 Be7 11.O-O O-O 12.Rc1 Re8 13.Qd2 Ne5 14.f3 Qc7 15.Rfd1 Rac8 16.Bf1 Ba8 17.Kh1
Qb8 18.Qf2 Nfd7 19.Be2 Rf8 20.f4 Ng6 21.Nab1 Bc6 22.b4 b5 23.cxb5 axb5 24.Na3 Nf6
25.Naxb5 Nxe4 26.Nxe4 Bxe4 27.a3 Nh4 28.Bf1 Nxg2 29.Bxg2 Bxg2+ 30.Qxg2 Qxb5 31.Bd4
g6 32.Ba1 Rc4 33.Qb2 f6 34.Qg2 Rfc8 35.Rxc4 Rxc4 36.Bd4 Qh5 37.Rd3 d5 38.h3 Qf5 39.Qe2
Kf7 40.Qf3 Bd6 41.b5 Bxf4 42.b6 h5 43.Bg1 Bb8 44.Qxf5 gxf5 45.Rb3 d4 46.Kg2 e5 47.Rb5
Ke6 48.Ra5 Rc2+ 49.Kf1 Rb2 50.Ra6 Kd5 51.a4 Kc6 52.b7+ Rb6 0-1

[Event "Vienna Chess Open 2016 Group A"]
[Site "Grosser Festsaal im Wiener Rathaus, 1010 Wien"]
[Date "2016.08.18"]
[Round "3"]
[Board "33"]
[White "Babar, Michael"]
[Black "Miedema, David"]
[Result "1/2-1/2"]
[WhiteElo "2136"]
[BlackElo "2368"]
[PlyCount "104"]
[EventDate "2016.08.16"]
[EventRounds "9"]
[EventCountry "AUT"]

1.Nf3 d5 2.g3 c5 3.b3 Nc6 4.Bb2 Nf6 5.Bg2 e6 6.O-O Be7 7.c4 O-O 8.e3 Qc7 9.d3 Rd8
10.Qe2 e5 11.h3 dxc4 12.bxc4 e4 13.dxe4 Nxe4 14.Nc3 Nxc3 15.Bxc3 Be6 16.Rfd1 Rxd1+
17.Rxd1 Rd8 18.Rxd8+ Qxd8 19.Qb2 Qb6 20.Qxb6 axb6 21.Nd2 Na5 22.Bxa5 bxa5 23.Bxb7
Bxh3 24.Bd5 Bd7 25.Kf1 g5 26.Ke2 Kg7 27.Bb7 h5 28.Ba6 h4 29.gxh4 gxh4 30.Bb5 Bg4+
31.f3 Be6 32.Kf2 Bd8 33.a4 Kg6 34.Bc6 Bf6 35.Bb5 Bc3 36.Ne4 Bb4 37.Kg2 f5 38.Nf2 Bd2
39.Nd1 f4 40.e4 h3+ 41.Kh2 Kf6 42.Nf2 Ke5 43.Nxh3 Kd4 44.Ng5 Bxc4 45.Bxc4 Kxc4 46.e5
Bc3 47.e6 Bf6 48.Nh3 Kd4 49.Nxf4 c4 50.Kg3 Ke5 51.e7 Bxe7 52.Ng6+ Kd4 1/2-1/2

[Event "Vienna Chess Open 2016 Group A"]
[Site "Grosser Festsaal im Wiener Rathaus, 1010 Wien"]
[Date "2016.08.18"]
[Round "3"]
[Board "34"]
[White "Marzaduri, Riccardo"]
[Black "Keymer, Vincent"]
[Result "0-1"]
[WhiteElo "2128"]
[BlackElo "2348"]
[PlyCount "92"]
[EventDate "2016.08.16"]
[EventRounds "9"]
[EventCountry "AUT"]

1.e4 c5 2.b3 b6 3.g3 Bb7 4.Bg2 Nf6 5.d3 d6 6.f4 Nbd7 7.Nf3 g6 8.Bb2 Bg7 9.O-O O-O
10.Qe2 Qc7 11.c4 a6 12.Nc3 e6 13.Rac1 Rfd8 14.h3 Nb8 15.Nd1 Nc6 16.Ne3 b5 17.g4 bxc4
18.bxc4 Ne7 19.Qf2 h6 20.Qh4 Nh7 21.Bxg7 Kxg7 22.f5 g5 23.f6+ Nxf6 24.Nxg5 Neg8 25.Nf3
Nh7 26.g5 Qe7 27.gxh6+ Kh8 28.Qg4 Qf6 29.e5 Qxh6 30.Rce1 Qg7 31.Qh5 Bxf3 32.Rxf3 Ra7
33.Ref1 Qh6 34.Qg4 dxe5 35.Qe4 Qg7 36.Qc6 Qf8 37.Qe4 f6 38.Qg4 f5 39.Nxf5 exf5 40.Rxf5
Qd6 41.Qh5 Rg7 42.Rxe5 Qxd3 43.Rxc5 Qd2 44.Rf2 Qe1+ 45.Rf1 Rxg2+ 46.Kxg2 Rd2+ 0-1

[Event "Vienna Chess Open 2016 Group A"]
[Site "Grosser Festsaal im Wiener Rathaus, 1010 Wien"]
[Date "2016.08.18"]
[Round "3"]
[Board "35"]
[White "Trkulja, Goran"]
[Black "Holzer, Gerhard"]
[Result "1-0"]
[WhiteElo "2335"]
[BlackElo "2135"]
[PlyCount "145"]
[EventDate "2016.08.16"]
[EventRounds "9"]
[EventCountry "AUT"]

1.Nf3 d6 2.d4 g6 3.g3 Bg7 4.Bg2 Nf6 5.O-O O-O 6.c4 Nbd7 7.Nc3 e5 8.dxe5 dxe5 9.h3
Qe7 10.Be3 Rd8 11.Qc2 Nb6 12.Nd2 c6 13.a4 Be6 14.b3 Nbd7 15.a5 Nb8 16.b4 Qxb4 17.c5
Bf5 18.Qc1 Rd4 19.Ra4 Qxc5 20.Nb3 Qe7 21.Nxd4 exd4 22.Bxd4 Na6 23.e4 Be6 24.e5 Nd7
25.f4 Ndc5 26.Qa3 Bf8 27.Ne4 Nxa4 28.Qxa4 Qb4 29.Qxb4 Bxb4 30.g4 Rd8 31.Bxa7 Bxa5
32.f5 Bc4 33.Rb1 b6 34.Nf6+ Kg7 35.Bxc6 Nb4 36.Bg2 gxf5 37.gxf5 Bd3 38.Rd1 Rc8 39.Ne4
Re8 40.f6+ Kg6 41.Nf2 Bf5 42.Ng4 Nd3 43.Ne3 Nxe5 44.Nd5 Nd7 45.Ne7+ Kxf6 46.Nxf5 Re1+
47.Rxe1 Bxe1 48.Ne3 Bg3 49.Bc6 Ne5 50.Bb5 Be1 51.Bxb6 Kg6 52.Kg2 Bc3 53.Ba4 Kg7 54.Nf5+
Kh8 55.Bb3 Nd7 56.Be3 Ne5 57.Bh6 Nd7 58.Bxf7 Bf6 59.Ba2 Nb6 60.Kf3 Nc8 61.Bf8 h5 62.Bc5
Bd8 63.Bf7 Nb6 64.Bd4+ Kh7 65.Bxh5 Nd5 66.Bf7 Nf6 67.h4 Ng8 68.h5 Nf6 69.Kf4 Bc7+
70.Kg5 Ne4+ 71.Kg4 Bb8 72.Bg6+ Kg8 73.h6 1-0

[Event "Vienna Chess Open 2016 Group A"]
[Site "Grosser Festsaal im Wiener Rathaus, 1010 Wien"]
[Date "2016.08.18"]
[Round "3"]
[Board "36"]
[White "Coathup, Roger"]
[Black "Singer, Christoph"]
[Result "1/2-1/2"]
[WhiteElo "2123"]
[BlackElo "2334"]
[PlyCount "57"]
[EventDate "2016.08.16"]
[EventRounds "9"]
[EventCountry "AUT"]

1.d4 d5 2.c4 e6 3.Nc3 Be7 4.cxd5 exd5 5.Bf4 Nf6 6.e3 O-O 7.Bd3 c6 8.Qc2 Nbd7 9.h3
Re8 10.Nf3 Nf8 11.O-O Ng6 12.Bh2 Bd6 13.Bxd6 Qxd6 14.Rab1 Qe7 15.b4 a6 16.a4 Ne4 17.Bxe4
dxe4 18.Nd2 f5 19.b5 axb5 20.axb5 Be6 21.bxc6 bxc6 22.Rfc1 Qg5 23.Ne2 Bd5 24.Qc3 Re6
25.Ra1 Rf8 26.Ra7 f4 27.exf4 Nxf4 28.Nxf4 Qxf4 29.Qe3 1/2-1/2

[Event "Vienna Chess Open 2016 Group A"]
[Site "Grosser Festsaal im Wiener Rathaus, 1010 Wien"]
[Date "2016.08.19"]
[Round "4"]
[Board "1"]
[White "Zawadzka, Jolanta"]
[Black "Ragger, Markus"]
[Result "0-1"]
[WhiteElo "2439"]
[BlackElo "2686"]
[PlyCount "112"]
[EventDate "2016.08.16"]
[EventRounds "9"]
[EventCountry "AUT"]

1.e4 e6 2.d4 d5 3.Nc3 Nf6 4.e5 Nfd7 5.f4 c5 6.Nf3 Nc6 7.Be3 Be7 8.Qd2 b6 9.Be2 O-O
10.O-O f5 11.Nd1 cxd4 12.Nxd4 Nxd4 13.Bxd4 Nc5 14.Nf2 Bb7 15.Rfd1 Rc8 16.Rac1 g5 17.Be3
gxf4 18.Bxf4 Kh8 19.b4 Ne4 20.Nxe4 fxe4 21.Be3 Rg8 22.Rf1 d4 23.Qxd4 Bg5 24.c3 Qxd4
25.Bxd4 Bxc1 26.Rxc1 Bd5 27.a3 Rc7 28.g3 Rf8 29.Re1 Kg7 30.Bd1 Bc4 31.Bg4 b5 32.Bh3
Rf3 33.Rxe4 Rd3 34.Rg4+ Kf8 35.Bc5+ Ke8 36.Rg8+ Kf7 37.Rf8+ Kg7 38.Rf6 Rf7 39.Bd4
Rd1+ 40.Kf2 Rd2+ 41.Kg1 Rd1+ 42.Kf2 Rxf6+ 43.exf6+ Kg6 44.Bg2 Rd2+ 45.Kg1 Bd5 46.Bxd5
exd5 47.g4 Ra2 48.h3 Rxa3 49.Kg2 a5 50.bxa5 Rxa5 51.Kf3 Ra1 52.h4 Re1 53.h5+ Kf7 54.Kf4
b4 55.Kf5 b3 56.g5 Rf1+ 0-1

[Event "Vienna Chess Open 2016 Group A"]
[Site "Grosser Festsaal im Wiener Rathaus, 1010 Wien"]
[Date "2016.08.19"]
[Round "4"]
[Board "2"]
[White "Vetoshko, Volodymyr"]
[Black "Mastrovasilis, Dimitrios"]
[Result "0-1"]
[WhiteElo "2438"]
[BlackElo "2603"]
[PlyCount "114"]
[EventDate "2016.08.16"]
[EventRounds "9"]
[EventCountry "AUT"]

1.e4 e5 2.Nf3 Nf6 3.Nxe5 d6 4.Nf3 Nxe4 5.Nc3 Nxc3 6.dxc3 Be7 7.Be3 O-O 8.Qd2 Nd7 9.O-O-O
c6 10.Kb1 Qa5 11.Bd3 Ne5 12.Nxe5 dxe5 13.Bc4 Bg4 14.f3 Rad8 15.Qe2 Bc8 16.Rxd8 Rxd8
17.Rd1 Rxd1+ 18.Qxd1 a6 19.a3 Qd8 20.Kc1 Qxd1+ 21.Kxd1 g5 22.Bb6 Bd6 23.h3 Kg7 24.Ke2
h5 25.g4 f5 26.gxh5 Kh6 27.Kf2 Kxh5 28.Kg2 Kg6 29.Bd8 Bc5 30.Bd3 Be3 31.b3 Bd2 32.c4
Kh5 33.Bb6 Be1 34.Bc7 Bc3 35.Bb6 Be1 36.Bc7 e4 37.fxe4 f4 38.e5 Kh4 39.Bd8 Bxh3+ 40.Kf3
Bg4+ 41.Ke4 Bf2 42.b4 Kh5 43.a4 Be6 44.a5 Be3 45.Bb6 Bd2 46.b5 g4 47.Bg1 Kg5 48.Kd4
g3 49.Be4 axb5 50.cxb5 Bxa5 51.Kc5 Bf5 52.Bf3 cxb5 53.Kxb5 Bc3 54.Bxb7 Kg4 55.Kc4
Bxe5 56.Kd5 Bc3 57.Kc4 Be1 0-1

[Event "Vienna Chess Open 2016 Group A"]
[Site "Grosser Festsaal im Wiener Rathaus, 1010 Wien"]
[Date "2016.08.19"]
[Round "4"]
[Board "3"]
[White "Vorobiov, Evgeny"]
[Black "Baldauf, Marco"]
[Result "1/2-1/2"]
[WhiteElo "2586"]
[BlackElo "2423"]
[PlyCount "45"]
[EventDate "2016.08.16"]
[EventRounds "9"]
[EventCountry "AUT"]

1.Nf3 Nf6 2.c4 g6 3.Nc3 d5 4.Qa4+ Bd7 5.Qb3 dxc4 6.Qxc4 a6 7.Qb3 b5 8.a4 Be6 9.Qa3
b4 10.Qxb4 Nc6 11.Qc5 Qd6 12.Qxd6 cxd6 13.Rb1 Bg7 14.g3 Rb8 15.Bg2 O-O 16.O-O Rfc8
17.d3 Bb3 18.Be3 Bc2 19.Rbc1 Rxb2 20.Nd1 Ra2 21.Nc3 Rb2 22.Nd1 Ra2 23.Nc3 1/2-1/2

[Event "Vienna Chess Open 2016 Group A"]
[Site "Grosser Festsaal im Wiener Rathaus, 1010 Wien"]
[Date "2016.08.19"]
[Round "4"]
[Board "4"]
[White "Gajek, Radoslaw"]
[Black "Shengelia, David"]
[Result "0-1"]
[WhiteElo "2434"]
[BlackElo "2572"]
[PlyCount "68"]
[EventDate "2016.08.16"]
[EventRounds "9"]
[EventCountry "AUT"]

1.g3 Nf6 2.Bg2 d5 3.Nf3 e6 4.d4 Nbd7 5.O-O b5 6.a4 b4 7.c4 bxc3 8.Nxc3 Be7 9.Qc2 O-O
10.Nb5 a6 11.Nc3 Bb7 12.Bf4 c5 13.dxc5 Bxc5 14.a5 Qe7 15.Na4 Bd6 16.Bxd6 Qxd6 17.Rfc1
Rfc8 18.Qb3 Bc6 19.Nd4 Rab8 20.Nb6 Nxb6 21.axb6 Bb7 22.e3 Nd7 23.Bf1 g6 24.Rxc8+ Rxc8
25.Ra3 e5 26.Nc2 Rc6 27.Ra5 Rxb6 28.Qa3 Qc6 29.Qc3 Qxc3 30.bxc3 Rb1 31.Nb4 d4 32.exd4
exd4 33.Ra3 Ne5 34.f4 Nc4 0-1

[Event "Vienna Chess Open 2016 Group A"]
[Site "Grosser Festsaal im Wiener Rathaus, 1010 Wien"]
[Date "2016.08.19"]
[Round "4"]
[Board "5"]
[White "Burmakin, Vladimir"]
[Black "Yankelevich, Lev"]
[Result "1/2-1/2"]
[WhiteElo "2553"]
[BlackElo "2414"]
[PlyCount "53"]
[EventDate "2016.08.16"]
[EventRounds "9"]
[EventCountry "AUT"]

1.Nf3 c5 2.g3 Nc6 3.Bg2 g6 4.d4 cxd4 5.Nxd4 Bg7 6.Nb3 d6 7.O-O Be6 8.Nc3 Nf6 9.e4
Bg4 10.f3 Bd7 11.Be3 O-O 12.Nd5 Ne5 13.Nxf6+ Bxf6 14.Bd4 Bb5 15.Rf2 Bg7 16.f4 Nc4
17.Bxg7 Kxg7 18.Nd4 Ba6 19.b3 Ne3 20.Ne6+ fxe6 21.Qd4+ e5 22.Qxe3 exf4 23.gxf4 Qb6
24.Re1 Qxe3 25.Rxe3 e5 26.f5 Rf6 27.fxg6 1/2-1/2

[Event "Vienna Chess Open 2016 Group A"]
[Site "Grosser Festsaal im Wiener Rathaus, 1010 Wien"]
[Date "2016.08.19"]
[Round "4"]
[Board "6"]
[White "Kilgus, Georg"]
[Black "Ponizil , Cyril "]
[Result "1/2-1/2"]
[WhiteElo "2413"]
[BlackElo "2510"]
[PlyCount "84"]
[EventDate "2016.08.16"]
[EventRounds "9"]
[EventCountry "AUT"]

1.Nf3 Nf6 2.c4 e6 3.g3 a6 4.b3 b5 5.Nc3 b4 6.Na4 Bb7 7.Bg2 Be7 8.O-O O-O 9.d4 d6 10.a3
a5 11.axb4 axb4 12.Bb2 Nbd7 13.Qd2 c5 14.dxc5 dxc5 15.Rfd1 Qc7 16.Qf4 Qxf4 17.gxf4
Rad8 18.Ne5 Bxg2 19.Kxg2 Nxe5 20.Bxe5 Ne4 21.f3 Nd6 22.Bxd6 Bxd6 23.Rd3 Be7 24.Rad1
Rxd3 25.Rxd3 Rc8 26.Nb6 Rb8 27.Rd7 Kf8 28.Rc7 Rxb6 29.Rc8+ Bd8 30.Rxd8+ Ke7 31.Ra8
Rd6 32.Ra7+ Kf6 33.Rc7 Rd2 34.Kf2 Rb2 35.Rxc5 Rxb3 36.Rb5 Rb1 37.c5 b3 38.Rb7 Rc1
39.Rxb3 Rxc5 40.Rb7 h5 41.h4 Rc1 42.Ra7 Rh1 1/2-1/2

[Event "Vienna Chess Open 2016 Group A"]
[Site "Grosser Festsaal im Wiener Rathaus, 1010 Wien"]
[Date "2016.08.19"]
[Round "4"]
[Board "7"]
[White "Hertneck, Gerald"]
[Black "Sindarov, Javokhir"]
[Result "1-0"]
[WhiteElo "2469"]
[BlackElo "2374"]
[PlyCount "83"]
[EventDate "2016.08.16"]
[EventRounds "9"]
[EventCountry "AUT"]

1.Nf3 Nf6 2.c4 g6 3.Nc3 Bg7 4.e4 d6 5.d4 O-O 6.Be2 Bg4 7.Be3 Nfd7 8.Ng1 Bxe2 9.Ngxe2
c5 10.O-O cxd4 11.Bxd4 Nc6 12.Bxg7 Kxg7 13.Nd5 Nc5 14.Nec3 a5 15.Qe2 e6 16.Ne3 Qb6
17.Rfd1 Rfd8 18.b3 a4 19.Qb2 Kg8 20.Rab1 axb3 21.axb3 Nb4 22.Na4 Qc6 23.Nxc5 Qxc5
24.Ng4 e5 25.Qd2 h5 26.Nf6+ Kg7 27.Qg5 Rh8 28.Nd7 Qc6 29.Qf6+ Kh6 30.Rxd6 Qxe4 31.Rbd1
Qf4 32.Nxe5 Qxf6 33.Rxf6 Rhe8 34.f4 Nc6 35.Nxc6 bxc6 36.Rxf7 h4 37.h3 Re6 38.Rdd7
Ra1+ 39.Kf2 g5 40.f5 Ra2+ 41.Kf3 g4+ 42.hxg4 1-0

[Event "Vienna Chess Open 2016 Group A"]
[Site "Grosser Festsaal im Wiener Rathaus, 1010 Wien"]
[Date "2016.08.19"]
[Round "4"]
[Board "8"]
[White "Berescu, Alin-Mile"]
[Black "Schwabeneder, Florian"]
[Result "1/2-1/2"]
[WhiteElo "2458"]
[BlackElo "2369"]
[PlyCount "65"]
[EventDate "2016.08.16"]
[EventRounds "9"]
[EventCountry "AUT"]

1.e4 e6 2.d4 d5 3.Nc3 Nc6 4.Nf3 Nf6 5.Bd3 Nb4 6.Bg5 Nxd3+ 7.cxd3 Be7 8.e5 Nd7 9.Bxe7
Qxe7 10.O-O c6 11.Rc1 Nf8 12.Qd2 Ng6 13.Rfe1 O-O 14.Ne2 Bd7 15.Nf4 Nxf4 16.Qxf4 Rac8
17.h4 b6 18.Rc3 Rc7 19.a3 Rfc8 20.Rec1 Be8 21.b4 Ra8 22.Rb1 Rb7 23.Rcb3 Qd8 24.Qd2
Rc7 25.a4 Rb8 26.Rc3 Rcb7 27.Rcb3 Qe7 28.g3 Rc8 29.a5 Rcb8 30.axb6 axb6 31.Ra1 Ra7
32.Rba3 Rba8 33.Qc3 1/2-1/2

[Event "Vienna Chess Open 2016 Group A"]
[Site "Grosser Festsaal im Wiener Rathaus, 1010 Wien"]
[Date "2016.08.19"]
[Round "4"]
[Board "9"]
[White "Rathnakaran, Kantholi"]
[Black "Pirrot, Dieter"]
[Result "1/2-1/2"]
[WhiteElo "2452"]
[BlackElo "2367"]
[PlyCount "87"]
[EventDate "2016.08.16"]
[EventRounds "9"]
[EventCountry "AUT"]

1.e4 e5 2.Nf3 Nf6 3.Nxe5 d6 4.Nf3 Nxe4 5.Nc3 Nxc3 6.dxc3 Be7 7.Bf4 Nc6 8.Qd2 Be6 9.Ng5
Bxg5 10.Bxg5 f6 11.Be3 O-O 12.h4 Ne5 13.h5 a5 14.h6 g6 15.Be2 a4 16.f4 Nc4 17.Bxc4
Bxc4 18.f5 Qd7 19.Qd4 Qf7 20.fxg6 hxg6 21.h7+ Kh8 22.O-O-O Ra5 23.b3 axb3 24.axb3
Bxb3 25.Bh6 Bxc2 26.Rdf1 Bf5 27.Bxf8 Ra1+ 28.Kd2 Ra2+ 29.Ke3 Rxg2 30.Qd5 Qe8+ 31.Kf4
Rg4+ 32.Kf3 Be4+ 33.Kxg4 Qd7+ 34.Kg3 Bxd5 35.Rh2 Qf7 36.Bh6 Qe7 37.Kf2 Be4 38.Re1
f5 39.Be3 c5 40.Bf4 g5 41.Rg1 Bd3 42.Bxg5 Qe2+ 43.Kg3 Qg4+ 44.Kf2 1/2-1/2

[Event "Vienna Chess Open 2016 Group A"]
[Site "Grosser Festsaal im Wiener Rathaus, 1010 Wien"]
[Date "2016.08.19"]
[Round "4"]
[Board "10"]
[White "Kokol, Peter"]
[Black "Froewis, Georg"]
[Result "0-1"]
[WhiteElo "2360"]
[BlackElo "2449"]
[PlyCount "104"]
[EventDate "2016.08.16"]
[EventRounds "9"]
[EventCountry "AUT"]

1.g3 d5 2.Bg2 c6 3.d3 Nf6 4.Nd2 e5 5.Ngf3 e4 6.dxe4 dxe4 7.Ng5 e3 8.fxe3 Ng4 9.Nde4
Qxd1+ 10.Kxd1 h6 11.Nh3 Nd7 12.Nhf2 Nc5 13.h3 Nxf2+ 14.Nxf2 Bf5 15.e4 O-O-O+ 16.Ke1
Bg6 17.Bf4 Bd6 18.Rd1 Bc7 19.Rf1 f6 20.Bxc7 Kxc7 21.e5 fxe5 22.Rxd8 Rxd8 23.Nd3 Nd7
24.Kf2 Rf8+ 25.Ke3 Rxf1 26.Bxf1 Kd6 27.Bg2 Nf6 28.c3 e4 29.Nf4 Bf7 30.Bxe4 Nxe4 31.Kxe4
Bxa2 32.Kf5 Bb1+ 33.e4 a5 34.Nh5 Kc5 35.Nxg7 Kc4 36.Ne8 Kb3 37.Nd6 b5 38.g4 Kxb2 39.h4
a4 40.g5 hxg5 41.hxg5 a3 42.g6 a2 43.g7 a1=Q 44.g8=Q Qa3 45.c4 Qxd6 46.cxb5 cxb5 47.Qg7+
Kb3 48.Qg8+ Kb4 49.Qg2 Qd5+ 50.Kf6 Bxe4 51.Qb2+ Ka4 52.Kg7 b4 0-1

[Event "Vienna Chess Open 2016 Group A"]
[Site "Grosser Festsaal im Wiener Rathaus, 1010 Wien"]
[Date "2016.08.19"]
[Round "4"]
[Board "11"]
[White "Schreiner, Peter"]
[Black "Sandhoefner, Florian"]
[Result "1-0"]
[WhiteElo "2445"]
[BlackElo "2290"]
[PlyCount "137"]
[EventDate "2016.08.16"]
[EventRounds "9"]
[EventCountry "AUT"]

1.Nf3 d5 2.g3 Nf6 3.Bg2 c6 4.O-O Bg4 5.d4 Nbd7 6.Nbd2 e6 7.Re1 Be7 8.e4 dxe4 9.Nxe4
Nxe4 10.Rxe4 Bf5 11.Re1 O-O 12.c3 h6 13.Qb3 Qb6 14.Nd2 Nf6 15.Nc4 Qxb3 16.axb3 a6
17.Na5 Ra7 18.b4 Nd5 19.Bd2 Rd8 20.Ra2 Rd7 21.Nc4 Kf8 22.h4 Rd8 23.Bf3 Raa8 24.Kg2
Rac8 25.Raa1 Bd3 26.Ne5 Bh7 27.Bh5 Bg8 28.Rh1 Bd6 29.Rae1 Bc7 30.Bf3 Bh7 31.Bh5 Bg8
32.Nd3 Bd6 33.Bf3 Bh7 34.Nc5 Bxc5 35.bxc5 Rd7 36.g4 Rcd8 37.Kg3 Bd3 38.Re5 Bc2 39.Rc1
Bh7 40.Bg2 Kg8 41.Rce1 Kf8 42.h5 Kg8 43.Bh3 Kf8 44.Kh2 Bg8 45.Ra1 f6 46.Re2 Bf7 47.Kg3
Nc7 48.Bf4 Nb5 49.Kh2 Kg8 50.Bg3 Kh7 51.Re3 Rf8 52.Rae1 Rfd8 53.Bf1 Nc7 54.Bxc7 Rxc7
55.Bc4 e5 56.Bd3+ Kg8 57.dxe5 fxe5 58.Bf5 Re7 59.f4 Bc4 60.b4 Rd2+ 61.Kh3 Kf7 62.Bg6+
Kf6 63.fxe5+ Ke6 64.Bf5+ Kf7 65.Kg3 a5 66.bxa5 Rd5 67.Kf4 Rxc5 68.Rd1 Rxa5 69.Bg6+ 1-0

[Event "Vienna Chess Open 2016 Group A"]
[Site "Grosser Festsaal im Wiener Rathaus, 1010 Wien"]
[Date "2016.08.19"]
[Round "4"]
[Board "12"]
[White "Buhmann, Rainer"]
[Black "Wallner, Joachim"]
[Result "1-0"]
[WhiteElo "2641"]
[BlackElo "2333"]
[PlyCount "55"]
[EventDate "2016.08.16"]
[EventRounds "9"]
[EventCountry "AUT"]

1.d4 d5 2.c4 c6 3.Nf3 Nf6 4.Nc3 a6 5.e3 b5 6.b3 Bg4 7.a4 b4 8.Ne2 Bxf3 9.gxf3 a5 10.cxd5
cxd5 11.Ng3 e6 12.Bb5+ Nbd7 13.e4 Be7 14.e5 Ng8 15.f4 f5 16.Be3 Nh6 17.Qh5+ Kf8 18.Rc1
Rc8 19.Rxc8 Qxc8 20.O-O Nb8 21.Rc1 Qd8 22.Rc2 Nf7 23.Qd1 g6 24.Qc1 Qb6 25.Rc8+ Kg7
26.Qc7 Qxc7 27.Rxc7 Bd8 28.Ra7 1-0

[Event "Vienna Chess Open 2016 Group A"]
[Site "Grosser Festsaal im Wiener Rathaus, 1010 Wien"]
[Date "2016.08.19"]
[Round "4"]
[Board "13"]
[White "Neumeier, Klaus"]
[Black "Leenhouts, Koen"]
[Result "1/2-1/2"]
[WhiteElo "2300"]
[BlackElo "2491"]
[PlyCount "193"]
[EventDate "2016.08.16"]
[EventRounds "9"]
[EventCountry "AUT"]

1.Nf3 Nf6 2.c4 c5 3.g3 g6 4.Bg2 Bg7 5.Nc3 d5 6.cxd5 Nxd5 7.Nxd5 Qxd5 8.O-O O-O 9.d3
Nc6 10.Be3 Qh5 11.Rc1 Nd4 12.b4 Nf5 13.Rxc5 Nxe3 14.fxe3 Qg4 15.Qd2 Bh6 16.Ne5 Qd4
17.Nc4 Qd8 18.d4 b6 19.Rd5 Qe8 20.Re5 Ba6 21.b5 Bxb5 22.Bxa8 Bxc4 23.Bf3 f6 24.Re4
f5 25.Re5 Bg7 26.Qb4 Bxa2 27.Rxe7 Qb8 28.Qa4 Bf7 29.Qxa7 Qxa7 30.Rxa7 Bh6 31.Kf2 Re8
32.Ra3 b5 33.d5 b4 34.Rd3 Kf8 35.Rb1 Rb8 36.Rdb3 Re8 37.Rd3 Rb8 38.Rdb3 Re8 39.Rxb4
Bxe3+ 40.Kg2 g5 41.h3 h5 42.g4 fxg4 43.hxg4 hxg4 44.Rxg4 Bf4 45.Rxf4 gxf4 46.Rb4 Kg7
47.Rxf4 Bxd5 48.Bxd5 Rxe2+ 49.Kf3 Re1 50.Kg4 Re5 51.Bf7 Kf8 52.Bc4+ Ke7 53.Rd4 Re1
54.Bd3 Rh1 55.Bf5 Kf6 56.Be4 Ke5 57.Ra4 Rd1 58.Kf3 Rf1+ 59.Ke2 Rc1 60.Bd3 Rh1 61.Re4+
Kd5 62.Kd2 Ra1 63.Rb4 Kc5 64.Rf4 Kd5 65.Ke3 Re1+ 66.Be2 Ke5 67.Ra4 Kd5 68.Ra5+ Kd6
69.Kd2 Rg1 70.Bd3 Rg2+ 71.Ke3 Rg1 72.Kd4 Rd1 73.Ra6+ Kd7 74.Ke4 Kc7 75.Bc4 Rd6 76.Ra1
Kb6 77.Bd5 Rh6 78.Kd4 Rh4+ 79.Be4 Rh2 80.Rb1+ Kc7 81.Bd5 Kd6 82.Rb6+ Ke7 83.Be4 Rh5
84.Bg6 Ra5 85.Ke4 Ra4+ 86.Ke5 Ra5+ 87.Kf4 Kd7 88.Be4 Kc7 89.Rc6+ Kd7 90.Rc4 Kd6 91.Rd4+
Kc5 92.Ke5 Ra7 93.Rd5+ Kc4 94.Bf5 Re7+ 95.Be6 Kc3 96.Rd8 Rc7 97.Rc8 1/2-1/2